00424nam a22001457a 4500003000400000005001700004008004100021020001800062082001600080100003900096245005700135260004500192300001100237700003000248OSt20230801155644.0230801b |||||||| |||| 00| 0 eng d a9788173199554 a006.3bT32I aIntelligent Computing ModelseTite aIntelligent Computing Modelscedited by K. Thangavel aNew DelhibNarosa Publishing Housec2009 a296 p. aThangavel K., ed.eEditor